Most Streamed Artists on Spotify (May 20, 2025) - Statistics

General Stats
  • This quiz has been taken 35 times
  • The average score is 25 of 100
Answer Stats
Placement Artist Monthly Streams % Correct
#10 Taylor Swift 82,368,592
88%
#12 Drake 80,490,084
81%
#31 Beyoncé 58,465,589
69%
#3 The Weeknd 116,311,839
66%
#1 Bruno Mars 124,936,368
63%
#2 Lady Gaga 116,498,697
63%
#5 Rihanna 92,356,681
63%
#11 Ariana Grande 81,241,966
59%
#13 Justin Bieber 80,374,146
59%
#8 Kendrick Lamar 88,613,425
56%
#25 Sabrina Carpenter 65,311,495
56%
#20 Eminem 68,260,809
53%
#23 Katy Perry 66,295,161
53%
#4 Billie Eilish 100,408,135
50%
#7 Ed Sheeran 89,022,762
50%
#61 Michael Jackson 49,709,609
50%
#6 Coldplay 91,728,914
47%
#47 Queen 50,002,369
47%
#28 Kanye West 62,357,496
44%
#60 Nicki Minaj 46,797,481
44%
#18 Post Malone 70,612,001
44%
#26 Travis Scott 63,851,003
44%
#9 Bad Bunny 83,511,667
41%
#19 Dua Lipa 68,986,940
41%
#96 Madonna 39,158,883
38%
#35 Future 55,851,665
34%
#14 SZA 79,403,893
34%
#33 Adele 56,399,163
31%
#86 Britney Spears 41,194,105
31%
#56 Elton John 47,997,509
31%
#34 Imagine Dragons 56,300,468
31%
#65 Olivia Rodrigo 46,065,684
31%
#41 Selena Gomez 52,743,071
31%
#17 Calvin Harris 71,356,830
28%
#64 Camila Cabello 46,113,280
28%
#63 Harry Styles 46,280,583
28%
#83 Justin Timberlake 42,725,874
28%
#29 Lana Del Rey 61,235,540
28%
#30 Miley Cyrus 58,961,633
28%
#69 One Direction 44,519,882
28%
#24 Shakira 65,489,417
28%
#70 Shawn Mendes 44,452,021
28%
#15 David Guetta 77,480,776
25%
#16 Maroon 5 73,527,347
25%
#77 21 Savage 43,348,047
22%
#37 Benson Boone 55,133,088
22%
#39 Doja Cat 55,069,079
22%
#50 Linkin Park 49,586,381
22%
#94 Morgan Wallen 39,423,761
22%
#45 Playboi Carti 51,331,468
22%
#67 ROSÉ 45,725,625
22%
#32 Chris Brown 56,473,207
19%
#21 J Balvin 67,622,984
19%
#40 OneRepublic 53,531,560
19%
#46 Tate McRae 50,548,878
19%
#79 Chappell Roan 42,993,405
16%
#95 DJ Snake 39,188,547
16%
#62 Doechii 46,705,442
16%
#54 Hozier 48,517,512
16%
#27 Pitbull 62,532,335
16%
#44 Sam Smith 51,369,208
16%
#22 Sia 66,546,041
16%
#38 Daddy Yankee 55,080,246
13%
#97 Fleetwood Mac 38,541,150
13%
#53 Halsey 48,979,673
13%
#59 Lil Wayne 46,963,366
13%
#75 Metro Boomin 43,420,364
13%
#78 USHER 43,316,864
13%
#36 Arctic Monkeys 55,174,897
9%
#90 Avicii 40,047,031
9%
#81 Ellie Goulding 42,970,156
9%
#58 Gracie Abrams 47,308,752
9%
#88 Kesha 40,584,546
9%
#51 Khalid 49,336,645
9%
#43 Marshmello 51,660,673
9%
#84 Ne-Yo 41,475,562
9%
#52 Rauw Alejandro 49,210,259
9%
#48 Teddy Swims 49,793,194
9%
#55 The Chainsmokers 48,200,888
9%
#92 Ty Dolla $ign 39,738,018
9%
#72 Tyler, The Creator 43,611,686
9%
#57 Black Eyed Peas 47,995,935
6%
#49 JENNIE 49,677,767
6%
#98 Kali Uchis 38,403,123
6%
#42 KAROL G 52,164,136
6%
#76 Peso Pluma 43,392,455
6%
#93 Tiësto 39,449,835
6%
#73 Alex Warren 43,554,327
3%
#68 Arijit Singh 45,664,994
3%
#89 Don Omar 40,417,256
3%
#91 Lola Young 39,932,742
3%
#74 Maluma 43,497,197
3%
#80 Ozuna 42,981,618
3%
#82 Pritam 42,738,290
3%
#66 Sean Paul 45,926,211
3%
#71 Shreya Ghoshal 44,434,631
3%
#85 Wiz Khalifa 41,359,716
3%
#99 A.R. Rahman 38,377,827
0%
#100 Feid 38,337,669
0%
#87 The Neighbourhood 40,595,848
0%
No matching quizzes found
Score Distribution
Percent of People with Each Score
Percentile by Number Answered
Your Score History
You have not taken this quiz